| 000 | 01108nam a2200313 i 4500 | ||
|---|---|---|---|
| 001 | 25388 | ||
| 003 | KOSZ 005 | ||
| 005 | 20190801102735.0 | ||
| 008 | 071026s1971 pl a f 000 0 pol | ||
| 015 | _aPB 1971/7360 | ||
| 040 |
_aWA N _cWA N _dKOSZ 005/KK |
||
| 080 | _a658.5 | ||
| 080 | _a62 | ||
| 100 | 1 |
_aChajtman, Seweryn _d(1919-2012). _eAutor |
|
| 245 | 1 | 0 |
_aPodstawy organizacji procesu produkcyjnego / _cSeweryn Chajtman. |
| 260 |
_aWarszawa : _bPaństwowe Wydawnictwo Ekonomiczne, _c1971. |
||
| 300 |
_a315, [1] stron, [7] kart, tablice : _bilustracje ; _c23 cm. |
||
| 336 |
_aTekst _btxt _2rdacontent |
||
| 337 |
_aBez urządzenia pośredniczącego _bn _2rdamedia |
||
| 338 |
_aWolumin _bn _2rdacarrier |
||
| 380 | _aKsiążki. | ||
| 504 | _aBibliografia na stronach [301]-310. | ||
| 658 | _aGospodarka, ekonomia, finanse | ||
| 650 | 4 | _aProdukcja | |
| 650 | 4 | _aPrzemysł | |
| 710 | 2 |
_aPaństwowe Wydawnictwo Ekonomiczne _4pbl. |
|
| 856 |
_uhttp://koha.tu.koszalin.pl/cgi-bin/koha/opac-detail.pl?biblionumber=25388 _yKatalog online BPK |
||
| 942 |
_2UKD _cKS |
||
| 999 |
_c25388 _d25388 |
||